Ingeniería ambiental

Đã lưu trong:
Chi tiết về thư mục
Tác giả chính: Henry, J. Glynn (Tác giả)
Tác giả khác: Heinke, Gary W
Định dạng: Sách
Ngôn ngữ:Tiếng Tây Ban Nha
Được phát hành: Ciudad de México, México Prentice Hall 1999
Những chủ đề:
Các nhãn: Thêm thẻ
Không có thẻ, Là người đầu tiên thẻ bản ghi này!

MARC

LEADER 00000nam a2200000 a 4500
001 UCP8394
003 CL-VaPUC
005 20220104074317.0
008 000114e19990000MX |||||||||||||||||spa|d
999 |c 285294  |d 285292 
020 |a 9701702662 
040 |c Pontificia Universidad Católica de Valparaíso 
082 0 4 |a 620.8 HEN 1999  |2 21 
100 |a Henry, J. Glynn  |e author  |9 438314 
245 1 0 |a Ingeniería ambiental 
260 0 3 |a Ciudad de México, México  |b Prentice Hall  |c 1999 
300 |a 778 páginas 
500 |a ALGUNOS EJEMPLARES EN INST.DE GEOGRAFIA POR PROY.MINEDUC 
500 |a Traducido de la 2a. ed. en inglés 
583 |a last modification  |c 20000114 00:00:00  |k Rodrigo Vera 
650 0 |a Medio ambiente  |9 257625 
650 0 |a Ingeniería ambiental  |9 328689 
650 0 |a Recursos naturales  |9 255232 
650 0 |a Urbanización   |9 265706 
650 0 |a Microbiología   |9 259706 
650 0 |a Epidemiología   |9 271159 
650 0 |a Ecología   |9 258124 
650 7 |a CONTAMINACION  |2 CL-VaPUC  |9 258139 
650 0 |a Residuos sólidos   |9 367336 
700 0 |a Heinke, Gary W  |9 438315 
942 |c BK  |2 ddc 
945 |d 20000114 00:00:00  |a rbrito 
952 |0 0  |1 0  |2 ddc  |4 0  |6 620_800000000000000_HEN_1999  |7 0  |8 A  |9 329776  |a BIBING  |b BIBING  |d 2019-11-20  |i 3588475  |o 620.8 HEN 1999  |p 3588475  |r 2025-01-20  |t 7  |w 2019-11-20  |y BK  |k CCL 
952 |0 0  |1 0  |2 ddc  |4 0  |6 620_800000000000000_HEN_1999  |7 0  |8 A  |9 329777  |a BIBING  |b BIBING  |d 2019-11-20  |i 378147K  |o 620.8 HEN 1999  |p 378147K  |r 2025-01-20  |t 8  |w 2019-11-20  |y BK  |k GEO 
952 |0 0  |1 0  |2 ddc  |4 0  |6 620_800000000000000_HEN_1999  |7 0  |8 A  |9 329778  |a BIBCUR  |b BIBCUR  |d 2019-11-20  |i 4142217  |o 620.8 HEN 1999  |p 4142217  |r 2025-04-22  |t 1  |w 2019-11-20  |y BK  |k QUI 
952 |0 0  |1 0  |2 ddc  |4 0  |6 620_800000000000000_HEN_1999  |7 0  |8 A  |9 329779  |a BIBCUR  |b BIBCUR  |d 2019-11-20  |i 4142225  |o 620.8 HEN 1999  |p 4142225  |r 2025-04-22  |t 2  |w 2019-11-20  |y BK  |k QUI 
952 |0 0  |1 0  |2 ddc  |4 0  |6 620_800000000000000_HEN_1999  |7 0  |8 A  |9 329780  |a BIBCUR  |b BIBCUR  |d 2019-11-20  |i 4142233  |o 620.8 HEN 1999  |p 4142233  |r 2025-04-22  |t 3  |w 2019-11-20  |y BK  |k QUI 
952 |0 0  |1 0  |2 ddc  |4 0  |6 620_800000000000000_HEN_1999  |7 0  |8 A  |9 329781  |a BIBCUR  |b BIBCUR  |d 2019-11-20  |i 4142241  |o 620.8 HEN 1999  |p 4142241  |r 2025-04-22  |t 4  |w 2019-11-20  |y BK  |k QUI 
952 |0 0  |1 0  |2 ddc  |4 0  |6 620_800000000000000_HEN_1999  |7 0  |8 A  |9 329782  |a BIBCUR  |b BIBCUR  |d 2019-11-20  |i 414225K  |o 620.8 HEN 1999  |p 414225K  |r 2025-04-22  |t 5  |w 2019-11-20  |y BK  |k QUI 
952 |0 0  |1 0  |2 ddc  |4 0  |6 620_800000000000000_HEN_1999  |7 0  |8 A  |9 329783  |a BIBING  |b BIBING  |d 2019-11-20  |i 429582K  |l 1  |o 620.8 HEN 1999  |p 429582K  |r 2025-01-20  |s 2023-09-05  |t 9  |w 2019-11-20  |y BK  |k EIQ 
952 |0 0  |1 0  |2 ddc  |4 0  |6 620_800000000000000_HEN_1999  |7 0  |8 A  |9 329785  |a BIBCUR  |b BIBCUR  |d 2019-11-20  |i 4386906  |o 620.8 HEN 1999  |p 4386906  |r 2025-04-22  |t 6  |w 2019-11-20  |y BK  |k BIO 
952 |0 0  |1 0  |2 ddc  |4 0  |6 620_800000000000000_HEN_1999  |7 0  |8 A  |9 329786  |a BIBING  |b BIBING  |d 2019-11-20  |i 4483448  |o 620.8 HEN 1999  |p 4483448  |r 2025-01-20  |t 10  |w 2019-11-20  |y BK  |k CIC